KUUMAA kaikki kappaleet - Statistics

Yleistilastot
  • Tätä visaa on pelattu 691 kertaa
    538 viimeisimmän päivityksen jälkeen
  • Keskiarvotulos 27 / 41
Vastaustilastot
Albumi Kappale % Oikein
Hyvikset ja pahikset Tulipalo
92%
Hyvikset ja pahikset Ylivoimainen
92%
Pisara meressä Pisara meressä
91%
Hyvikset ja pahikset Hyvikset ja pahikset
89%
Kuumaa Kuumaa
87%
Pisara meressä Satama
82%
Pisara meressä Luotan tulevaan
79%
Pisara meressä Tuhoaisti
79%
Hyvikset ja pahikset Eteisvalssi
75%
Hyvikset ja pahikset Oo vielä sekunnin mun
73%
single Rakastaja
73%
Hyvikset ja pahikset Äijä
72%
Pisara meressä Kerran sadassa vuodessa
72%
Pisara meressä Aaveisiin
70%
Hyvikset ja pahikset Elokuva
70%
Kuumaa Tuiki Tuiki
70%
Kuumaa Gold Digger
69%
Hyvikset ja pahikset Juna-asema
68%
Hyvikset ja pahikset Anna mulle mitä vaan
66%
Pisara meressä Suuren päivän ilta
66%
Kuumaa Huuda Lujempaa
65%
Kuumaa Siks Kai Mä Oon Sun
64%
Pisara meressä Tässä on kaikki
64%
Hyvikset ja pahikset Hyvästejä ihanasti
63%
Pisara meressä Täydellisin
63%
single Kolme toivetta
61%
Pisara meressä Yks yö lainaa
61%
single Tarkotin sua
59%
Pisara meressä Valmiit
59%
single Romuna
58%
Hyvikset ja pahikset Edelleen sua
57%
single Ikävä sua
57%
Kuumaa Kukkulan Kuningas
56%
single Hulluista Runoista
55%
Kuumaa Mikä Sua Ajaa
55%
single Älä Sano Sitä Vielä
54%
Pisara meressä Loppujen lopuks
53%
Kuumaa Uppoon Suhun
49%
single Sä pilasit laulut
48%
Kuumaa Mun Pitäis Se Jo Tietää
46%
Kuumaa Viimeistä Päivää
43%
Ehtoja vastaavia visoja ei löytynyt
Tulosjakauma
Jokaisen tuloksen saaneiden osuus
Persentiili vastausten määrän mukaan
Tuloshistoriasi
Et ole pelannut tätä visaa sen viimeisimmän päivityksen jälkeen